Loga #1 - Statystyki

Ogólne statystyki
  • Ten quiz został rozwiązany 63 razy
  • Średni wynik to 8 z 8
Statystyki odpowiedzi
Obrazkowy Odpowiedź % Poprawnych
Adidas
100%
Lidl
100%
Nike
100%
Starbucks
100%
Coca cola
98%
Kfc
98%
Pringles
98%
Motorola
89%
Nie znaleziono quizów pasujących do podanych kryteriów
Rozkład punktacji
Procent ludzi z każdym wynikiem
Percentyl według liczby udzielonych odpowiedzi
Twoja historia wyników
Nie rozwiązałeś tego quizu